000 00284nam a2200109 a 4500
005 20141022142008.0
008 120228s19uu xx 00 eng d
050 _aCD
_bC17 2001
245 _aFinance for growth :
_bpolicy choices in a volatile world.
260 _c2001.
942 _cAVM
999 _c276622
_d276622